Statistiken für Binnenstaaten, die aneinander grenzen

Klicken Sie hier um das Quiz zu spielen!

Allgemein

  • Dieses Quiz wurde 2,859 mal gespielt
  • Das Durchschnittsergebnis liegt bei 26 aus 33

Antwortstatistiken

Land % Korrekt
Österreich
97%
Schweiz
97%
Slowakei
93%
Ungarn
93%
Liechtenstein
93%
Tschechien
93%
Kasachstan
87%
Serbien
87%
Usbekistan
86%
Tadschikistan
85%
Tschad
84%
Turkmenistan
84%
Niger
84%
Kirgisistan
83%
Paraguay
82%
Kosovo
81%
Bolivien
81%
Mali
81%
Südsudan
79%
Afghanistan
78%
Nordmazedonien
77%
Uganda
77%
Ruanda
76%
Zentralafrikanische
Republik
76%
Botswana
71%
Burundi
70%
Burkina Faso
70%
Sambia
69%
Simbabwe
67%
Malawi
66%
Äthiopien
64%
Armenien
61%
Aserbaidschan
60%

Verteilung der Resultate

Perzentil nach korrekt beantworteten Fragen

Anzahl Personen mit jedem Resultat

Ihre Resultats-Entwicklung

Sie haben dieses Quiz noch nicht gespielt